S originalitou a majstrovstvom

Bibliographic Details
Main Author: Čížik, Vladimír, 1932-2017 (Author)
Format: Article
Language:Slovak
PhysicalDescription:Fotogr.
Subjects:

MARC

LEADER 00000nab a2200000 a 4500
001 vtls000653912
003 SK-MaSNL
005 20260426080635.0
008 250425c1998 xo 0 slo
015 |a SNBRA1998/03-06379 
035 |a CLN000006105 
035 |a urn:nbn:sk:snk-ab22nf 
035 |a (urnnbn)urn:nbn:sk:snk:ar-a01gh0 
035 |a (uuid)5e1450f8-18f0-4875-a996-0af44917db28 
040 |a SNKBUCL  |b slo  |c SNKBUCL  |e AACR2 
041 0 |a slo 
044 |a xo  |c SK 
080 |a 78.071.2:786.2:061.7  |2 1997 
080 |a 786.2  |2 1997 
100 1 |a Čížik, Vladimír,  |d 1932-2017  |4 aut  |9 105074 
245 1 0 |a S originalitou a majstrovstvom  |c Vlado Čížik 
300 |b Fotogr. 
600 1 7 |a Ránki, Dezső  |d 1951-  |x koncerty  |2 snkbucl  |9 1286718 
648 7 |a 20.1.1998  |2 snkbucl  |9 1383218 
651 7 |a Bratislava (Slovensko)  |2 snkbucl  |9 14568 
773 0 |t Hudobný život '98  |g Roč. 30, č. 6 (1998), s. 7 
850 |a Slovenská národná knižnica 
852 |a Slovenská národná knižnica 
954 |a odborná, vedecká literatúra pôvodná (slovenská)  |2 lita 
958 |a article27 
958 |a OND 
958 |a HU 
958 |a EUIPO 
999 |c 2814630  |d 2816560